Applied Statistics And Probability For Engineers (Record no. 370515)

MARC details
000 -LEADER
fixed length control field 00286 a2200121 4500
005 - DATE AND TIME OF LATEST TRANSACTION
control field 20260224173529.0
020 ## - INTERNATIONAL STANDARD BOOK NUMBER
International Standard Book Number 9788126562947
100 ## - MAIN ENTRY--PERSONAL NAME
Personal name Montgomery D.
9 (RLIN) 216786
245 ## - TITLE STATEMENT
Title Applied Statistics And Probability For Engineers
250 ## - EDITION STATEMENT
Edition statement 6th
260 ## - PUBLICATION, DISTRIBUTION, ETC. (IMPRINT)
Name of publisher, distributor, etc. WILLY
Date of publication, distribution, etc. 2014
942 ## - ADDED ENTRY ELEMENTS (KOHA)
Koha item type Article
Holdings
Withdrawn status Lost status Source of classification or shelving scheme Damaged status Not for loan Home library Current library Date acquired Vendor Cost, normal purchase price Total Checkouts Full call number Barcode Checked out Date last seen Date last checked out Cost, replacement price Bill Date Koha item type
    Dewey Decimal Classification     Cummins College of Engineering for Women Pune Cummins College of Engineering for Women Pune 05/03/2026 63 801.75 2 519.5 MON CCEP-BK-70526 31/07/2026 23/03/2026 23/03/2026 1069.00 05/03/2026 Books